Estadísticas para Marcas de autos #3

Haz click aquí para intentar la prueba.

Estadísticas generales

  • Esta prueba ha sido intentada 87 veces
  • La puntuación promedio es 8 de 9

Respuestas en el mapa

Las respuestas están codificadas por una escala verde-roja en el mapa de la prueba según el % correcto abajo.
 

Estadísticas de respuestas

Respuesta% Correcto
Ford
100%
Nissan
97%
JEEP
96%
KIA
96%
Lotus
96%
BMW
93%
MINI
93%
Dacia
91%
Fiat
84%

Distribución de puntuación

Porcentaje por número respondido

Porcentaje de gente con cada puntuación

Historial de tus puntuaciones

No has intentado esta prueba.